|
|
|
|
| LEADER |
00000nam0a2200000 4500 |
| 001 |
70943 |
| 005 |
20231101212541.0 |
| 010 |
|
|
|a 5279027723
|
| 035 |
|
|
|a (RuTPU)RU\TPU\book\75515
|
| 090 |
|
|
|a 70943
|
| 100 |
|
|
|a 20041203d2004 m y0rusy50 ca
|
| 101 |
0 |
|
|a rus
|
| 102 |
|
|
|a RU
|
| 105 |
|
|
|a a j 001zy
|
| 200 |
1 |
|
|a Алгоритмическое моделирование элементов экономических систем
|e практикум
|e учебное пособие для вузов
|f В. И. Варфоломеев, С. В. Назаров
|g Под ред. С. В. Назарова
|
| 205 |
|
|
|a 2-е изд., перераб. и доп.
|
| 210 |
|
|
|a Москва
|c Финансы и статистика
|d 2004
|
| 215 |
|
|
|a 264 с.
|c ил.
|
| 320 |
|
|
|a Литература: с. 258
|
| 320 |
|
|
|a Предметный указатель: с. 259-260
|
| 606 |
1 |
|
|a Экономические системы
|x Моделирование
|2 stltpush
|3 (RuTPU)RU\TPU\subj\37432
|9 58418
|
| 610 |
1 |
|
|a экономика
|
| 610 |
1 |
|
|a экономические модели
|
| 610 |
1 |
|
|a алгоритмическое моделирование
|
| 610 |
1 |
|
|a случайные величины
|
| 610 |
1 |
|
|a системы массового обслуживания
|
| 610 |
1 |
|
|a запасы
|
| 610 |
1 |
|
|a управление
|
| 610 |
1 |
|
|a финансовые модели
|
| 610 |
1 |
|
|a производственные фирмы
|
| 610 |
1 |
|
|a практикумы
|
| 610 |
1 |
|
|a задачи
|
| 610 |
1 |
|
|a учебные пособия
|
| 686 |
|
|
|a Ув631.0я73
|v LBC/SL-A
|2 rubbk
|
| 700 |
|
1 |
|a Варфоломеев
|b В. И.
|g Валентин Иванович
|
| 701 |
|
1 |
|a Назаров
|b С. В.
|g Станислав Викторович
|
| 702 |
|
1 |
|a Назаров
|b С. В.
|g Станислав Викторович
|4 340
|
| 801 |
|
1 |
|a RU
|b 63413507
|c 20041203
|g PSBO
|
| 801 |
|
2 |
|a RU
|b 63413507
|c 20220906
|g PSBO
|
| 900 |
|
|
|a Математические методы исследования экономики
|
| 900 |
|
|
|a Моделирование процессов и систем
|
| 942 |
|
|
|c BK
|
| 952 |
|
|
|a 510200
|b 061800
|